You and your caesarean birth

Bibliographic Details
Main Author: Duffett-Smith, Trisha
Format: Book
Published: London : Shelson Press , 1985
Subjects:

MARC

LEADER 00000cam a2200000 7i4500
001 0000000785
002 000000885
005 20000330.0
020 |a 0859694445 
090 0 0 |a 618.86   |b DUF 
100 0 |a Duffett-Smith, Trisha 
245 1 0 |a You and your caesarean birth   |c Trisha Duffett-Smith 
260 |a London :   |b Shelson Press ,   |c 1985 
300 |a 121p. ;   |c 20cm. 
650 0 0 |a Caesarean section 
650 0 0 |a Child birth 
999 |a 030985   |b BUKU   |c PINJAMAN   |e PERPUSTAKAAN KOMUNITI PETALING JAYA 
999 |a 030986   |b BUKU   |c PINJAMAN   |e PERPUSTAKAAN KOMUNITI PETALING JAYA